| 000 | 01287cab a2200253 4500 | ||
|---|---|---|---|
| 001 | E2675 | ||
| 008 | 090401t1996 xxu||||| |||| 00| 0 eng d | ||
| 035 | _a(Sirsi) u40502 | ||
| 041 | _aeng | ||
| 245 | _aMcKay v City of Dundee District Council | ||
| 260 | _c1996 | ||
| 350 | _a0 | ||
| 490 |
_aScots Law Times _v1996 SLT (Lands Tr) 9-14 (6) |
||
| 520 | _aLands Tribunal for Scotland. Sheriff A C Horsfall, QC: R A Edwards, WS. 23 December 1994. Landlord and tenant - public sector housing - tenants` rights - purchase of dwellinghouse - tenant having right at time of application to purchase - failure by landlords to issue timeously either offer to sell or notice of refusal - reference to Lands Tribunal - tenancy terminated without offer to sell having been served on tenant - whether right to purchase exercised at time of application or at time of acceptance of offer - whether tenant had to remain secure tenant until offer accepted - Housing (Scotland) Act 1987 | ||
| 650 |
_aLANDLORD AND TENANT _96252 |
||
| 650 | _aLANDS TRIBUNAL FOR SCOTLAND | ||
| 650 | _aPUBLIC SECTOR HOUSING | ||
| 650 | _aRIGHT TO BUY | ||
| 650 | _aSCOTS LAW | ||
| 650 | _aTENANTS' RIGHTS | ||
| 690 | _aLANDLORD AND TENANT-CASE LAW-RESIDENTIAL TENANCIES | ||
| 942 | _n0 | ||
| 948 | _c04/03/1997 | ||
| 999 |
_c25950 _d25950 |
||